Catálogo

Masterpieces of glass : (Registro nro. 60785)

Detalles MARC
000 -LEADER
fixed length control field 01163cam a2200325 i 4500
001 - CONTROL NUMBER
control field 60785
003 - CONTROL NUMBER IDENTIFIER
control field Mx-PuUPA
005 - DATE AND TIME OF LATEST TRANSACTION
control field 20230822132837.0
008 - FIXED-LENGTH DATA ELEMENTS--GENERAL INFORMATION
fixed length control field 140415s1980 nyuo gr 000 0 eng d
020 ## - INTERNATIONAL STANDARD BOOK NUMBER
International Standard Book Number 081091753X
040 ## - CATALOGING SOURCE
Original cataloging agency Mx-PuUPA
Language of cataloging spa
Transcribing agency Mx-PuUPA
Modifying agency Mx-PuUPA
Description conventions rda
041 0# - LANGUAGE CODE
Language code of text/sound track or separate title eng
100 1# - MAIN ENTRY--PERSONAL NAME
Personal name Charleston, R. J.,
Fuller form of name (Robert Jesse),
Dates associated with a name 1916-1994
9 (RLIN) 14603
245 10 - TITLE STATEMENT
Title Masterpieces of glass :
Remainder of title a world history from the corning museum of glass /
Statement of responsibility, etc. Robert J. Charleston ; project editor, Robert Morton ; editor, Joan E. Fisher
264 ## - PRODUCTION, PUBLICATION, DISTRIBUTION, MANUFACTURE, AND COPYRIGHT NOTICE
Place of production, publication, distribution, manufacture New York :
Name of producer, publisher, distributor, manufacturer Harry N. Abrams,
Date of production, publication, distribution, manufacture, or copyright notice ©1980
300 ## - PHYSICAL DESCRIPTION
Extent 239 páginas :
Other physical details fotografías ;
Dimensions 30 cm
336 ## - CONTENT TYPE
Fuente rdacontent
Content type term texto
Content type code txt
337 ## - MEDIA TYPE
Source rdamedia
Media type term sin medio
Media type code n
338 ## - CARRIER TYPE
Source rdacarrier
Carrier type term volumen
Carrier type code nc
490 0# - SERIES STATEMENT
Series statement Corning Museum of Glass monographs
610 #4 - SUBJECT ADDED ENTRY--CORPORATE NAME
Corporate name or jurisdiction name as entry element Corning N. Y.
General subdivision Museo de vidrio
650 #7 - SUBJECT ADDED ENTRY--TOPICAL TERM
Source of heading or term armarc
Topical term or geographic name entry element Cristalería
General subdivision Historia
650 #7 - SUBJECT ADDED ENTRY--TOPICAL TERM
Source of heading or term armarc
Topical term or geographic name entry element Arte en vidrio
General subdivision Historia
700 1# - ADDED ENTRY--PERSONAL NAME
Personal name Morton, Robert,
Relator term editor
700 1# - ADDED ENTRY--PERSONAL NAME
Personal name Fisher, Joan E.,
Relator term editor
942 ## - ADDED ENTRY ELEMENTS (KOHA)
Source of classification or shelving scheme Dewey Decimal Classification
Koha item type Libro
Classification part 748.29
Item part C426
Existencias
Withdrawn status Lost status Source of classification or shelving scheme Damaged status Not for loan Collection code Home library Current library Shelving location Date acquired Source of acquisition Total Checkouts Full call number Barcode Date last seen Price effective from Koha item type
    Dewey Decimal Classification     Referencia Biblioteca Karol Wojtyla Biblioteca Karol Wojtyla Área de silencio 03/12/2013 Compra   748.29 C426 1980 9262 05/01/2026 03/12/2013 Libro R